[Event "Int SVK-ch GM 2020"]
[Site "Drienica"]
[Date "2020.08.10"]
[Round "4.4"]
[White "Mazur, Stefan"]
[Black "Jablonicky, Martin"]
[Result "1/2-1/2"]
[WhiteElo "2449"]
[BlackElo "2314"]
[Annotator "ChessBase"]
[PlyCount "119"]
[EventDate "2020.08.07"]
[EventType "tourn"]
[EventCountry "SVK"]
[SourceTitle "playchess.com"]
[Source "ChessBase"]
[SourceQuality "1"]
[TimeControl "40/5400+30:1800+30"]

1. e4 {[%emt 0:00:00]} e5 {[%emt 0:02:54]} 2. Nf3 {[%emt 0:00:00]} Nf6 {[%emt 0:00:05]} 3. Nc3 {[%emt 0:01:37]} Nc6 {[%emt 0:00:06]} 4. Bb5 {[%emt 0:00:14]} Nd4 {[%emt 0:00:05]} 5. O-O {[%emt 0:00:24]} Nxb5 {[%emt 0:00:21]} 6. Nxb5 {[%emt 0:00:07]} c6 {[%emt 0:00:08]} 7. Nc3 {[%emt 0:00:05]} d6 {[%emt 0:00:04]} 8. d4 {[%emt 0:00:28]} Qc7 {[%emt 0:00:05]} 9. Bg5 {[%emt 0:01:20]} Be7 {[%emt 0:04:34]} 10. h3 {[%emt 0:01:32]} O-O {[%emt 0:00:08]} 11. a4 {[%emt 0:01:00]} h6 {[%emt 0:05:09]} 12. Bxf6 {[%emt 0:03:28]} Bxf6 {[%emt 0:00:08]} 13. d5 {[%emt 0:00:17]} Be7 {[%emt 0:11:04]} 14. Qd3 {[%emt 0:01:22]} Kh8 {[%emt 0:02:50]} 15. Rad1 {[%emt 0:04:16]} f5 {[%emt 0:04:07]} 16. Nxe5 {[%emt 0:02:13]} dxe5 {[%emt 0:00:08]} 17. d6 {[%emt 0:00:27]} Bxd6 {[%emt 0:00:05]} 18. Qxd6 {[%emt 0:00:18]} Qxd6 {[%emt 0:00:17]} 19. Rxd6 {[%emt 0:00:09]} fxe4 {[%emt 0:00:48]} 20. Nd1 {[%emt 0:19:38]} Bf5 {[%emt 0:15:30]} 21. Ne3 {[%emt 0:00:15]} Rf7 {[%emt 0:02:48]} 22. g4 {[%emt 0:13:32]} Bh7 {[%emt 0:00:30]} 23. Rfd1 {[%emt 0:01:39]} Raf8 {[%emt 0:01:35]} 24. R1d2 {[%emt 0:00:30]} Bg8 {[%emt 0:12:43]} 25. a5 {[%emt 0:04:35]} a6 {[%emt 0:01:23]} 26. c4 {[%emt 0:04:57]} Kh7 {[%emt 0:00:14]} 27. b4 {[%emt 0:07:04]} g6 {[%emt 0:09:16]} 28. h4 {[%emt 0:07:57]} Re7 {[%emt 0:03:36]} 29. b5 {[%emt 0:03:33]} axb5 {[%emt 0:04:35]} 30. cxb5 {[%emt 0:00:12]} cxb5 {[%emt 0:00:33]} 31. Rb6 {[%emt 0:00:12]} Bc4 {[%emt 0:02:25]} 32. Rdd6 {[%emt 0:02:34]} Rg7 {[%emt 0:02:46]} 33. Kg2 {[%emt 0:04:14]} h5 {[%emt 0:01:48]} 34. g5 {[%emt 0:09:43]} Ra8 {[%emt 0:01:21]} 35. Nd5 {[%emt 0:05:19]} Bxd5 {[%emt 0:00:06]} 36. Rxd5 {[%emt 0:00:04]} Rxa5 {[%emt 0:00:04]} 37. Rxe5 {[%emt 0:00:06]} Ra2 {[%emt 0:03:20]} 38. Rf6 {[%emt 0:01:30]} Ra6 {[%emt 0:08:27]} 39. Rf8 {[%emt 0:01:08]} Rb6 {[%emt 0:00:19]} 40. Rxe4 {[%emt 0:01:11]} b4 {[%emt 0:00:37]} 41. Rff4 {[%emt 0:05:40]} b3 {[%emt 0:03:59]} 42. Rb4 {[%emt 0:00:31]} Rxb4 {[%emt 0:00:41]} 43. Rxb4 {[%emt 0:00:02]} Rf7 {[%emt 0:00:12]} 44. Rxb3 {[%emt 0:01:05]} Kg7 {[%emt 0:00:13]} 45. Kg3 {[%emt 0:00:56]} Kh7 {[%emt 0:00:18]} 46. f4 {[%emt 0:01:30]} Kg7 {[%emt 0:02:10]} 47. Kf3 {[%emt 0:00:07]} Kh7 {[%emt 0:01:03]} 48. Rb5 {[%emt 0:00:38]} Kg7 {[%emt 0:03:12]} 49. Rb6 {[%emt 0:00:25]} Rc7 {[%emt 0:01:34]} 50. Ke4 {[%emt 0:01:17]} Re7+ {[%emt 0:00:59]} 51. Kd5 {[%emt 0:02:38]} Rf7 {[%emt 0:00:16]} 52. Rb4 {[%emt 0:01:30]} Rf5+ {[%emt 0:03:37]} 53. Kd6 {[%emt 0:01:29]} b5 {[%emt 0:00:15]} 54. Ke6 {[%emt 0:01:04]} Kg8 {[%emt 0:00:56]} 55. Rd4 {[%emt 0:00:20]} Kg7 {[%emt 0:00:08]} 56. Rd7+ {[%emt 0:01:32]} Kg8 {[%emt 0:00:07]} 57. Rb7 {[%emt 0:00:32]} Rxf4 {[%emt 0:00:19]} 58. Rxb5 {[%emt 0:00:29]} Kg7 {[%emt 0:01:12]} 59. Rb7+ {[%emt 0:00:06]} Kg8 {[%emt 0:00:05]} 60. Rb8+ 1/2-1/2

[Event "Int SVK-ch GM 2020"]
[Site "Drienica"]
[Date "2020.08.10"]
[Round "4.5"]
[White "Nayhebaver, Martin"]
[Black "Mrva, Martin"]
[Result "1-0"]
[WhiteElo "2482"]
[BlackElo "2386"]
[Annotator "ChessBase"]
[PlyCount "65"]
[EventDate "2020.08.07"]
[EventType "tourn"]
[EventCountry "SVK"]
[SourceTitle "playchess.com"]
[Source "ChessBase"]
[SourceQuality "1"]
[TimeControl "40/5400+30:1800+30"]

1. e4 {[%emt 0:00:00]} e5 {[%emt 0:00:00]} 2. Nf3 {[%emt 0:00:02]} Nc6 {[%emt 0:00:00]} 3. Bb5 {[%emt 0:00:25]} Nf6 {[%emt 0:00:00]} 4. O-O {[%emt 0:01:21]} Nxe4 {[%emt 0:00:04]} 5. Re1 {[%emt 0:01:23]} Nd6 {[%emt 0:00:41]} 6. Nxe5 {[%emt 0:00:32]} Be7 {[%emt 0:00:22]} 7. Bf1 {[%emt 0:00:32]} Nf5 {[%emt 0:07:58]} 8. c3 {[%emt 0:31:51]} Nxe5 {[%emt 0:06:37]} 9. Rxe5 {[%emt 0:00:06]} d6 {[%emt 0:00:06]} 10. Re1 {[%emt 0:00:40]} O-O {[%emt 0:00:18]} 11. d4 {[%emt 0:00:31]} d5 {[%emt 0:01:05]} 12. Bd3 {[%emt 0:01:33]} Bd6 {[%emt 0:01:59]} 13. Nd2 {[%emt 0:03:57]} Nh4 {[%emt 0:17:32]} 14. g3 {[%emt 0:04:43]} Qf6 {[%emt 0:32:47]} 15. gxh4 {[%emt 0:14:44]} Bxh2+ {[%emt 0:01:06]} 16. Kh1 {[%emt 0:00:14]} Bd6 {[%emt 0:05:17]} 17. Qh5 {[%emt 0:04:37]} g6 {[%emt 0:10:03]} 18. Qg5 {[%emt 0:00:28]} Qxf2 {[%emt 0:00:17]} 19. Re2 {[%emt 0:00:09]} Qg3 {[%emt 0:00:10]} 20. Qxg3 {[%emt 0:02:42]} Bxg3 {[%emt 0:00:06]} 21. Nf3 {[%emt 0:03:21]} Bg4 {[%emt 0:00:48]} 22. Kg2 {[%emt 0:00:07]} Bxf3+ {[%emt 0:00:12]} 23. Kxf3 {[%emt 0:00:08]} Bxh4 {[%emt 0:00:05]} 24. Bf4 {[%emt 0:00:11]} Rac8 {[%emt 0:04:34]} 25. Rh1 {[%emt 0:03:03]} Bf6 {[%emt 0:00:06]} 26. Reh2 {[%emt 0:00:30]} c5 {[%emt 0:01:41]} 27. dxc5 {[%emt 0:00:58]} Rfd8 {[%emt 0:00:07]} 28. Bd6 {[%emt 0:00:57]} b6 {[%emt 0:00:32]} 29. Ba6 {[%emt 0:01:23]} Rxc5 {[%emt 0:02:35]} 30. Bxc5 {[%emt 0:00:16]} bxc5 {[%emt 0:00:04]} 31. Rxh7 {[%emt 0:00:49]} Rb8 {[%emt 0:00:10]} 32. R7h2 {[%emt 0:00:29]} c4 {[%emt 0:00:06]} 33. Rd1 {[%emt 0:00:24]} 1-0

[Event "Int SVK-ch GM 2020"]
[Site "Drienica"]
[Date "2020.08.11"]
[Round "5.1"]
[White "Mrva, Martin"]
[Black "Gazik, Viktor"]
[Result "0-1"]
[WhiteElo "2386"]
[BlackElo "2502"]
[Annotator "ChessBase"]
[PlyCount "76"]
[EventDate "2020.08.07"]
[EventType "tourn"]
[EventCountry "SVK"]
[SourceTitle "playchess.com"]
[Source "ChessBase"]
[SourceQuality "1"]
[TimeControl "40/5400+30:1800+30"]

1. e4 {[%emt 0:00:00]} c6 {[%emt 0:00:00]} 2. Nc3 {[%emt 0:01:24]} d5 {[%emt 0:00:00]} 3. Nf3 {[%emt 0:00:06]} Nf6 {[%emt 0:00:00]} 4. Qe2 {[%emt 0:01:11]} Bg4 {[%emt 0:05:46]} 5. exd5 {[%emt 0:13:38]} Nxd5 {[%emt 0:15:14]} 6. h3 {[%emt 0:09:54]} Bf5 {[%emt 0:07:50]} 7. d3 {[%emt 0:07:28]} Nd7 {[%emt 0:03:59]} 8. Nxd5 {[%emt 0:09:52]} cxd5 {[%emt 0:00:09]} 9. Nd4 {[%emt 0:00:24]} Bg6 {[%emt 0:02:16]} 10. h4 {[%emt 0:00:11]} Qb6 {[%emt 0:08:34]} 11. c3 {[%emt 0:05:15]} f6 {[%emt 0:05:27]} 12. Be3 {[%emt 0:15:46]} e5 {[%emt 0:08:22]} 13. h5 {[%emt 0:00:40]} Bf7 {[%emt 0:00:05]} 14. Nf5 {[%emt 0:00:09]} d4 {[%emt 0:04:00]} 15. Bc1 {[%emt 0:08:45]} Be6 {[%emt 0:06:28]} 16. Qf3 {[%emt 0:01:00]} Rc8 {[%emt 0:02:16]} 17. Be2 {[%emt 0:03:43]} dxc3 {[%emt 0:06:05]} 18. bxc3 {[%emt 0:03:03]} Rxc3 {[%emt 0:02:13]} 19. O-O {[%emt 0:00:34]} g6 {[%emt 0:02:03]} 20. Ng3 {[%emt 0:02:15]} f5 {[%emt 0:01:09]} 21. Bg5 {[%emt 0:05:39]} Be7 {[%emt 0:05:25]} 22. Bh6 {[%emt 0:06:46]} Qc6 {[%emt 0:05:54]} 23. Rac1 {[%emt 0:00:16]} Rxc1 {[%emt 0:04:34]} 24. Rxc1 {[%emt 0:00:07]} Qxf3 {[%emt 0:00:02]} 25. Bxf3 {[%emt 0:00:11]} Kf7 {[%emt 0:00:51]} 26. Rc7 {[%emt 0:00:22]} Rb8 {[%emt 0:01:50]} 27. Bxb7 {[%emt 0:02:47]} Bd8 {[%emt 0:01:58]} 28. Rc8 {[%emt 0:00:03]} Rxc8 {[%emt 0:00:03]} 29. Bxc8 {[%emt 0:00:07]} g5 {[%emt 0:01:19]} 30. Ne2 {[%emt 0:01:28]} Bf6 {[%emt 0:00:26]} 31. g4 {[%emt 0:00:33]} fxg4 {[%emt 0:00:33]} 32. Nc3 {[%emt 0:00:16]} Nc5 {[%emt 0:00:18]} 33. Ne4 {[%emt 0:00:16]} Nxd3 {[%emt 0:00:48]} 34. Bxg5 {[%emt 0:02:08]} Bxc8 {[%emt 0:00:10]} 35. Nxf6 {[%emt 0:00:39]} Bf5 {[%emt 0:00:37]} 36. Nd5 {[%emt 0:00:25]} Be6 {[%emt 0:00:29]} 37. Nc3 {[%emt 0:00:14]} Nf4 {[%emt 0:00:04]} 38. h6 {[%emt 0:00:30]} Nh3+ {[%emt 0:00:10]} 0-1

[Event "Int SVK-ch GM 2020"]
[Site "Drienica"]
[Date "2020.08.11"]
[Round "5.2"]
[White "Jablonicky, Martin"]
[Black "Nayhebaver, Martin"]
[Result "0-1"]
[WhiteElo "2314"]
[BlackElo "2482"]
[Annotator "ChessBase"]
[PlyCount "76"]
[EventDate "2020.08.07"]
[EventType "tourn"]
[EventCountry "SVK"]
[SourceTitle "playchess.com"]
[Source "ChessBase"]
[SourceQuality "1"]
[TimeControl "40/5400+30:1800+30"]

1. e4 {[%emt 0:13:23]} c5 {[%emt 0:00:00]} 2. Nf3 {[%emt 0:00:05]} d6 {[%emt 0:00:11]} 3. d4 {[%emt 0:00:05]} cxd4 {[%emt 0:00:05]} 4. Nxd4 {[%emt 0:00:03]} Nf6 {[%emt 0:00:15]} 5. Nc3 {[%emt 0:00:05]} a6 {[%emt 0:00:17]} 6. Bc4 {[%emt 0:00:05]} Qc7 {[%emt 0:00:42]} 7. Bb3 {[%emt 0:00:12]} e6 {[%emt 0:00:18]} 8. g4 {[%emt 0:04:19]} b5 {[%emt 0:01:03]} 9. g5 {[%emt 0:01:11]} Nfd7 {[%emt 0:00:23]} 10. Bxe6 {[%emt 0:13:38]} fxe6 {[%emt 0:00:08]} 11. Nxe6 {[%emt 0:00:05]} Qc4 {[%emt 0:00:14]} 12. Qd5 {[%emt 0:02:11]} Qxd5 {[%emt 0:01:13]} 13. Nxd5 {[%emt 0:00:12]} Ra7 {[%emt 0:00:12]} 14. Be3 {[%emt 0:03:25]} Rb7 {[%emt 0:02:17]} 15. O-O-O {[%emt 0:01:47]} Ne5 {[%emt 0:04:26]} 16. Nxf8 {[%emt 0:05:57]} Rxf8 {[%emt 0:00:52]} 17. Nb6 {[%emt 0:04:07]} Ke7 {[%emt 0:04:25]} 18. f4 {[%emt 0:00:09]} Nc4 {[%emt 0:05:50]} 19. Nxc4 {[%emt 0:00:05]} bxc4 {[%emt 0:00:04]} 20. e5 {[%emt 0:00:04]} Rd8 {[%emt 0:15:58]} 21. Rxd6 {[%emt 0:02:59]} Rxd6 {[%emt 0:00:22]} 22. Bc5 {[%emt 0:00:29]} Kf7 {[%emt 0:01:23]} 23. exd6 {[%emt 0:03:06]} Rb5 {[%emt 0:02:10]} 24. Ba3 {[%emt 0:01:43]} Rf5 {[%emt 0:07:38]} 25. Rf1 {[%emt 0:00:13]} Nc6 {[%emt 0:02:43]} 26. Kd2 {[%emt 0:01:22]} Nd4 {[%emt 0:00:47]} 27. b3 {[%emt 0:13:27]} Nb5 {[%emt 0:02:29]} 28. Bb4 {[%emt 0:03:22]} Rd5+ {[%emt 0:01:18]} 29. Ke3 {[%emt 0:00:06]} Nxd6 {[%emt 0:00:37]} 30. Bxd6 {[%emt 0:00:06]} Rxd6 {[%emt 0:00:04]} 31. bxc4 {[%emt 0:00:04]} Be6 {[%emt 0:01:33]} 32. Rb1 {[%emt 0:01:34]} Rc6 {[%emt 0:09:16]} 33. Rb7+ {[%emt 0:06:30]} Kg6 {[%emt 0:00:25]} 34. h4 {[%emt 0:00:21]} Rxc4 {[%emt 0:01:19]} 35. h5+ {[%emt 0:00:48]} Kxh5 {[%emt 0:00:09]} 36. Rxg7 {[%emt 0:00:13]} Bf5 {[%emt 0:00:08]} 37. Ra7 {[%emt 0:01:30]} Ra4 {[%emt 0:01:05]} 38. c4 {[%emt 0:00:06]} Rxc4 {[%emt 0:00:28]} 0-1

[Event "Int SVK-ch GM 2020"]
[Site "Drienica"]
[Date "2020.08.11"]
[Round "5.3"]
[White "Petenyi, Tamas"]
[Black "Mazur, Stefan"]
[Result "1-0"]
[WhiteElo "2436"]
[BlackElo "2449"]
[Annotator "ChessBase"]
[PlyCount "56"]
[EventDate "2020.08.07"]
[EventType "tourn"]
[EventCountry "SVK"]
[SourceTitle "playchess.com"]
[Source "ChessBase"]
[SourceQuality "1"]
[TimeControl "40/5400+30:1800+30"]

1. e4 {[%emt 0:04:24]} e5 {[%emt 0:00:00]} 2. Nf3 {[%emt 0:00:08]} Nc6 {[%emt 0:00:00]} 3. Bb5 {[%emt 0:00:18]} a6 {[%emt 0:00:00]} 4. Ba4 {[%emt 0:00:13]} Nf6 {[%emt 0:00:05]} 5. Qe2 {[%emt 0:01:33]} b5 {[%emt 0:05:23]} 6. Bb3 {[%emt 0:00:05]} Bc5 {[%emt 0:01:20]} 7. c3 {[%emt 0:01:58]} O-O {[%emt 0:00:26]} 8. d3 {[%emt 0:00:32]} d6 {[%emt 0:05:38]} 9. Bg5 {[%emt 0:04:04]} h6 {[%emt 0:01:26]} 10. Bh4 {[%emt 0:01:27]} Be6 {[%emt 0:07:46]} 11. Nbd2 {[%emt 0:13:16]} g5 {[%emt 0:02:13]} 12. Bg3 {[%emt 0:02:51]} Qd7 {[%emt 0:03:31]} 13. h4 {[%emt 0:05:21]} g4 {[%emt 0:03:41]} 14. Nh2 {[%emt 0:00:33]} h5 {[%emt 0:16:19]} 15. f3 {[%emt 0:13:09]} Ne7 {[%emt 0:20:29]} 16. Rf1 {[%emt 0:11:34]} Bxb3 {[%emt 0:06:39]} 17. Nxb3 {[%emt 0:04:01]} Qe6 {[%emt 0:01:37]} 18. Nxc5 {[%emt 0:02:43]} dxc5 {[%emt 0:00:07]} 19. Qe3 {[%emt 0:00:32]} Rad8 {[%emt 0:00:46]} 20. fxg4 {[%emt 0:05:03]} Nxg4 {[%emt 0:00:32]} 21. Nxg4 {[%emt 0:02:43]} Qxg4 {[%emt 0:00:33]} 22. Bxe5 {[%emt 0:00:55]} Ng6 {[%emt 0:01:06]} 23. Bf6 {[%emt 0:02:49]} Rd6 {[%emt 0:03:25]} 24. Qf3 {[%emt 0:05:00]} Qe6 {[%emt 0:08:34]} 25. Rf2 {[%emt 0:01:01]} Re8 {[%emt 0:05:07]} 26. Qxh5 {[%emt 0:03:16]} Qd7 {[%emt 0:00:23]} 27. O-O-O {[%emt 0:01:50]} Ree6 {[%emt 0:01:32]} 28. e5 {[%emt 0:00:51]} Rxd3 {[%emt 0:00:19]} 1-0

[Event "Int SVK-ch GM 2020"]
[Site "Drienica"]
[Date "2020.08.11"]
[Round "5.4"]
[White "Pechac, Jergus"]
[Black "Druska, Juraj"]
[Result "1/2-1/2"]
[WhiteElo "2498"]
[BlackElo "2515"]
[Annotator "ChessBase"]
[PlyCount "72"]
[EventDate "2020.08.07"]
[EventType "tourn"]
[EventCountry "SVK"]
[SourceTitle "playchess.com"]
[Source "ChessBase"]
[SourceQuality "1"]
[TimeControl "40/5400+30:1800+30"]

1. d4 {[%emt 0:08:05]} d5 {[%emt 0:00:00]} 2. Nf3 {[%emt 0:00:06]} e6 {[%emt 0:00:00]} 3. Bf4 {[%emt 0:00:17]} f5 {[%emt 0:12:41]} 4. e3 {[%emt 0:00:52]} Nf6 {[%emt 0:00:08]} 5. Nbd2 {[%emt 0:01:36]} Be7 {[%emt 0:02:53]} 6. Ne5 {[%emt 0:00:39]} O-O {[%emt 0:00:48]} 7. h3 {[%emt 0:01:04]} a5 {[%emt 0:04:44]} 8. g4 {[%emt 0:07:02]} Nbd7 {[%emt 0:03:43]} 9. Rg1 {[%emt 0:08:52]} Nxe5 {[%emt 0:23:09]} 10. Bxe5 {[%emt 0:06:25]} Bd6 {[%emt 0:07:25]} 11. Bxf6 {[%emt 0:06:39]} Qxf6 {[%emt 0:01:24]} 12. g5 {[%emt 0:02:09]} Qe7 {[%emt 0:00:25]} 13. f4 {[%emt 0:02:23]} c5 {[%emt 0:00:35]} 14. c3 {[%emt 0:00:19]} Bd7 {[%emt 0:02:46]} 15. Kf2 {[%emt 0:07:17]} b5 {[%emt 0:01:22]} 16. Be2 {[%emt 0:02:59]} Rfc8 {[%emt 0:03:29]} 17. Nf3 {[%emt 0:04:02]} c4 {[%emt 0:05:28]} 18. a3 {[%emt 0:00:55]} Ra7 {[%emt 0:04:54]} 19. Ne5 {[%emt 0:10:31]} Rca8 {[%emt 0:03:19]} 20. Nxd7 {[%emt 0:06:47]} Rxd7 {[%emt 0:03:30]} 21. Qc2 {[%emt 0:07:13]} Rb7 {[%emt 0:01:25]} 22. Ra2 {[%emt 0:01:07]} Qc7 {[%emt 0:04:04]} 23. Kg3 {[%emt 0:03:26]} Rc8 {[%emt 0:00:28]} 24. Bf3 {[%emt 0:00:37]} Qc6 {[%emt 0:01:21]} 25. h4 {[%emt 0:01:25]} Kf8 {[%emt 0:00:35]} 26. Rga1 {[%emt 0:01:14]} Ke7 {[%emt 0:00:35]} 27. Qd2 {[%emt 0:00:06]} Rcb8 {[%emt 0:01:01]} 28. Bd1 {[%emt 0:01:09]} Rc7 {[%emt 0:02:05]} 29. Qe2 {[%emt 0:00:06]} Qe8 {[%emt 0:00:29]} 30. Qh5 {[%emt 0:04:18]} Qxh5 {[%emt 0:00:36]} 31. Bxh5 {[%emt 0:00:06]} Rcb7 {[%emt 0:01:17]} 32. Bd1 {[%emt 0:00:22]} Kd7 {[%emt 0:01:46]} 33. h5 {[%emt 0:00:38]} Kc6 {[%emt 0:00:54]} 34. Kf3 {[%emt 0:00:18]} Be7 {[%emt 0:00:23]} 35. Ke2 {[%emt 0:00:22]} h6 {[%emt 0:02:39]} 36. g6 {[%emt 0:00:08]} Kc7 {[%emt 0:02:02]} 1/2-1/2

[Event "Int SVK-ch GM 2020"]
[Site "Drienica"]
[Date "2020.08.11"]
[Round "5.5"]
[White "Jurcik, Marian"]
[Black "Kostolansky, Sebastian Lukas"]
[Result "1/2-1/2"]
[WhiteElo "2441"]
[BlackElo "2402"]
[Annotator "ChessBase"]
[PlyCount "142"]
[EventDate "2020.08.07"]
[EventType "tourn"]
[EventCountry "SVK"]
[SourceTitle "playchess.com"]
[Source "ChessBase"]
[SourceQuality "1"]
[TimeControl "40/5400+30:1800+30"]

1. e4 {[%emt 0:01:46]} d6 {[%emt 0:00:00]} 2. d4 {[%emt 0:00:19]} Nf6 {[%emt 0:00:00]} 3. Nc3 {[%emt 0:00:06]} g6 {[%emt 0:00:00]} 4. Be3 {[%emt 0:00:06]} Bg7 {[%emt 0:01:01]} 5. Qd2 {[%emt 0:00:17]} c6 {[%emt 0:00:07]} 6. Bh6 {[%emt 0:00:42]} Bxh6 {[%emt 0:00:29]} 7. Qxh6 {[%emt 0:00:12]} Qa5 {[%emt 0:00:38]} 8. Bd3 {[%emt 0:00:14]} c5 {[%emt 0:00:34]} 9. Nf3 {[%emt 0:03:14]} cxd4 {[%emt 0:05:28]} 10. Nxd4 {[%emt 0:00:08]} Qb6 {[%emt 0:15:40]} 11. O-O-O {[%emt 0:05:11]} Nc6 {[%emt 0:13:26]} 12. Bb5 {[%emt 0:25:18]} Bd7 {[%emt 0:15:29]} 13. Bxc6 {[%emt 0:06:24]} bxc6 {[%emt 0:03:30]} 14. Rhe1 {[%emt 0:01:54]} Rb8 {[%emt 0:27:54]} 15. b3 {[%emt 0:01:47]} Qc5 {[%emt 0:02:34]} 16. Kb2 {[%emt 0:02:35]} Ng4 {[%emt 0:01:32]} 17. Qg7 {[%emt 0:01:49]} Qe5 {[%emt 0:02:17]} 18. Qxe5 {[%emt 0:00:09]} dxe5 {[%emt 0:00:10]} 19. Nf3 {[%emt 0:00:24]} f6 {[%emt 0:00:15]} 20. h3 {[%emt 0:07:07]} Nh6 {[%emt 0:00:03]} 21. Nd2 {[%emt 0:00:08]} Nf7 {[%emt 0:01:49]} 22. Nc4 {[%emt 0:00:32]} Be6 {[%emt 0:04:02]} 23. Na5 {[%emt 0:00:44]} c5 {[%emt 0:01:58]} 24. Nd5 {[%emt 0:08:17]} Rc8 {[%emt 0:00:28]} 25. Nc4 {[%emt 0:07:28]} Nd8 {[%emt 0:01:05]} 26. h4 {[%emt 0:06:32]} Nc6 {[%emt 0:00:35]} 27. c3 {[%emt 0:00:06]} Kf7 {[%emt 0:00:35]} 28. g3 {[%emt 0:08:19]} g5 {[%emt 0:01:27]} 29. hxg5 {[%emt 0:02:02]} fxg5 {[%emt 0:00:05]} 30. f4 {[%emt 0:05:49]} exf4 {[%emt 0:00:04]} 31. gxf4 {[%emt 0:00:04]} gxf4 {[%emt 0:00:06]} 32. Rf1 {[%emt 0:00:25]} Rhf8 {[%emt 0:00:39]} 33. Rxf4+ {[%emt 0:02:33]} Kg7 {[%emt 0:00:12]} 34. Rg1+ {[%emt 0:00:54]} Kh8 {[%emt 0:00:14]} 35. Nce3 {[%emt 0:03:17]} Rxf4 {[%emt 0:02:03]} 36. Nxf4 {[%emt 0:00:02]} Bf7 {[%emt 0:00:54]} 37. Rg5 {[%emt 0:00:51]} Nb8 {[%emt 0:00:26]} 38. Re5 {[%emt 0:00:40]} e6 {[%emt 0:00:19]} 39. Nc4 {[%emt 0:00:26]} Nd7 {[%emt 0:00:38]} 40. Rg5 {[%emt 0:00:22]} Rc6 {[%emt 0:00:40]} 41. e5 {[%emt 0:02:47]} Nf8 {[%emt 0:07:24]} 42. Nd6 {[%emt 0:01:35]} Bg6 {[%emt 0:01:33]} 43. a4 {[%emt 0:07:05]} Rc7 {[%emt 0:05:45]} 44. Rg2 {[%emt 0:00:44]} Re7 {[%emt 0:02:27]} 45. Ka3 {[%emt 0:01:46]} Be8 {[%emt 0:02:15]} 46. Nd3 {[%emt 0:07:10]} Nd7 {[%emt 0:06:06]} 47. Re2 {[%emt 0:08:37]} Bh5 {[%emt 0:03:07]} 48. Re3 {[%emt 0:00:51]} Rg7 {[%emt 0:01:23]} 49. a5 {[%emt 0:02:10]} Bd1 {[%emt 0:00:49]} 50. b4 {[%emt 0:01:58]} cxb4+ 51. cxb4 {[%emt 0:00:15]} h5 {[%emt 0:02:55]} 52. b5 {[%emt 0:00:38]} h4 {[%emt 0:01:12]} 53. Nf4 {[%emt 0:01:03]} Rg3 {[%emt 0:01:09]} 54. Rxg3 {[%emt 0:00:28]} hxg3 {[%emt 0:00:03]} 55. Nc8 {[%emt 0:00:35]} Nxe5 {[%emt 0:00:23]} 56. Nxa7 {[%emt 0:00:29]} Nd3 {[%emt 0:00:51]} 57. Ng6+ {[%emt 0:00:31]} Kg7 {[%emt 0:00:29]} 58. Nh4 {[%emt 0:00:07]} Be2 {[%emt 0:00:40]} 59. Nc6 {[%emt 0:00:49]} Nc5 {[%emt 0:00:34]} 60. Kb4 {[%emt 0:00:21]} Nd3+ {[%emt 0:00:49]} 61. Kc3 {[%emt 0:00:23]} Nc5 {[%emt 0:00:32]} 62. Nd4 {[%emt 0:00:46]} Bf1 {[%emt 0:00:17]} 63. Kb4 {[%emt 0:00:35]} Nd7 {[%emt 0:00:40]} 64. a6 {[%emt 0:00:22]} g2 {[%emt 0:00:13]} 65. Nxg2 {[%emt 0:00:34]} Bxg2 {[%emt 0:00:06]} 66. Nxe6+ {[%emt 0:00:25]} Kf6 {[%emt 0:00:20]} 67. Nc5 {[%emt 0:00:25]} Ke7 {[%emt 0:00:40]} 68. Na4 {[%emt 0:00:42]} Kd6 {[%emt 0:00:41]} 69. Ka5 {[%emt 0:00:17]} Kc7 {[%emt 0:00:29]} 70. b6+ {[%emt 0:00:34]} Kc6 {[%emt 0:00:22]} 71. b7 {[%emt 0:00:29]} Kc7 {[%emt 0:00:07]} 1/2-1/2

[Event "Int SVK-ch GM 2020"]
[Site "Drienica"]
[Date "2020.08.12"]
[Round "6.1"]
[White "Gazik, Viktor"]
[Black "Kostolansky, Sebastian Lukas"]
[Result "1-0"]
[WhiteElo "2502"]
[BlackElo "2402"]
[Annotator "ChessBase"]
[PlyCount "75"]
[EventDate "2020.08.07"]
[EventType "tourn"]
[EventCountry "SVK"]
[SourceTitle "playchess.com"]
[Source "ChessBase"]
[SourceQuality "1"]
[TimeControl "40/5400+30:1800+30"]

1. e4 {[%emt 0:00:00]} e6 {[%emt 0:00:03]} 2. d4 {[%emt 0:00:00]} d5 {[%emt 0:00:06]} 3. Nc3 {[%emt 0:00:00]} Nf6 {[%emt 0:00:31]} 4. Bg5 {[%emt 0:04:51]} Bb4 {[%emt 0:03:32]} 5. e5 {[%emt 0:01:41]} h6 {[%emt 0:00:09]} 6. Bd2 {[%emt 0:04:11]} Bxc3 {[%emt 0:00:19]} 7. bxc3 {[%emt 0:00:02]} Ne4 {[%emt 0:00:08]} 8. Qg4 {[%emt 0:02:52]} Kf8 {[%emt 0:01:09]} 9. Bd3 {[%emt 0:01:59]} Nxd2 {[%emt 0:00:50]} 10. Kxd2 {[%emt 0:00:02]} c5 {[%emt 0:00:15]} 11. h4 {[%emt 0:10:39]} Nc6 {[%emt 0:17:34]} 12. Qf4 {[%emt 0:06:09]} Bd7 {[%emt 0:11:15]} 13. Nf3 {[%emt 0:02:36]} cxd4 {[%emt 0:15:38]} 14. Nxd4 {[%emt 0:06:24]} Nxd4 {[%emt 0:12:39]} 15. Qxd4 {[%emt 0:00:46]} b6 {[%emt 0:06:19]} 16. g4 {[%emt 0:17:00]} Rc8 {[%emt 0:02:06]} 17. a4 {[%emt 0:09:23]} Qc7 {[%emt 0:02:07]} 18. h5 {[%emt 0:01:22]} Ke7 {[%emt 0:01:01]} 19. f4 {[%emt 0:02:03]} Qc5 {[%emt 0:08:00]} 20. f5 {[%emt 0:07:05]} Rc7 {[%emt 0:00:58]} 21. Rhf1 {[%emt 0:01:41]} exf5 {[%emt 0:11:40]} 22. gxf5 {[%emt 0:00:14]} Rhc8 {[%emt 0:00:16]} 23. Rg1 {[%emt 0:12:02]} Kf8 {[%emt 0:03:18]} 24. Rg3 {[%emt 0:00:16]} f6 {[%emt 0:01:33]} 25. exf6 {[%emt 0:01:41]} Qxd4 {[%emt 0:00:16]} 26. cxd4 {[%emt 0:00:01]} gxf6 {[%emt 0:00:44]} 27. Rg6 {[%emt 0:00:01]} Be8 {[%emt 0:00:26]} 28. Rxf6+ {[%emt 0:00:12]} Kg7 {[%emt 0:00:04]} 29. Rd6 {[%emt 0:00:05]} Bxh5 {[%emt 0:00:47]} 30. Rg1+ {[%emt 0:00:17]} Kf8 {[%emt 0:00:05]} 31. Rxh6 {[%emt 0:00:21]} Be8 {[%emt 0:00:33]} 32. f6 {[%emt 0:06:14]} Bxa4 {[%emt 0:00:04]} 33. Bg6 {[%emt 0:00:06]} Rxc2+ {[%emt 0:00:28]} 34. Bxc2 {[%emt 0:00:40]} Rxc2+ {[%emt 0:00:05]} 35. Ke3 {[%emt 0:00:20]} Rc6 {[%emt 0:00:50]} 36. Kf4 {[%emt 0:00:22]} Re6 {[%emt 0:00:34]} 37. Kf5 {[%emt 0:00:06]} Bd7 {[%emt 0:01:02]} 38. Rh8+ 1-0